书目信息 |
| 题名: |
海域使用现状查技术规程
|
|
| 作者: | 吴桑云 编 | |
| 分册: | ||
| 出版信息: | 北京 海洋出版社 2005.12 |
|
| 页数: | 33页 | |
| 开本: | 30cm | |
| 丛书名: | ||
| 单 册: | ||
| 中图分类: | P714 | |
| 科图分类: | ||
| 主题词: | 海洋调查 , 海洋--观测 , 海洋测量 | |
| 电子资源: | ||
| ISBN: | 7-5027-6481-X | |
| 000 | 00609nam0 2200217 450 | |
| 001 | 0631253866 | |
| 005 | 20061030101048.04 | |
| 010 | @a7-5027-6481-X@dCNY15.00 | |
| 100 | @a20061030d2005 km y0chiy0120 ea | |
| 101 | 0 | @achi |
| 102 | @aCN@b110000 | |
| 200 | 1 | @a海域使用现状查技术规程@Ahai yu shi yong xian zhuang cha ji shu gui cheng@f吴桑云编@Fwu sang yun bian |
| 210 | @a北京@c海洋出版社@d2005.12 | |
| 215 | @a33页@d30cm | |
| 606 | 0 | @a海洋调查 |
| 606 | 0 | @a海洋@x观测 |
| 606 | 0 | @a海洋测量 |
| 690 | @aP714@v4 | |
| 701 | 0 | @a吴桑云@Awu sang yun@4编 |
| 801 | 0 | @aCN@bPFT@c20061030 |
| 905 | @aBZT@dP714@e1 | |
| 海域使用现状查技术规程/吴桑云编.-北京:海洋出版社,2005.12 |
| 33页;30cm |
| ISBN 7-5027-6481-X:CNY15.00 |
| ● |
| 相关链接 |
|
|
|
正题名:海域使用现状查技术规程
索取号:P714/1
 
预约/预借
| 序号 | 登录号 | 条形码 | 馆藏地/架位号 | 状态 | 备注 |
| 1 | 515216 | 230087774 | 中心书库中库/ 中库041架B面1列1层28/ [索取号:P714/1] | 在馆 | |
| 2 | 515217 | 230087776 | 中心书库中库/ 中库041架B面1列1层25/ [索取号:P714/1] | 在馆 | |
| 3 | 515218 | 230087775 | 中心书库中库/ 中库041架B面1列1层26/ [索取号:P714/1] | 在馆 | |
| 4 | 515219 | 230087777 | 中心书库中库/ 中库041架B面1列1层24/ [索取号:P714/1] | 在馆 | |
| 5 | 515220 | 230087778 | 中心书库中库/ 中库041架B面1列1层27/ [索取号:P714/1] | 在馆 |